000 01323nam a2200289 c 4500
003 BLK
005 20180422110124.0
008 180409b bul|||||r ||||||| ||bul||
010 _aKNG00118241000
040 _aBLK
041 _aBUL
_cBUL
080 _aРуска литература
_b821.161.1
_x-1
_z821.161.1-1
100 1 _aТарковски, Арсений Александрович
_eпърви автор
_9127767
700 1 _aЖеков, Светлозар
_eподб. и прев от рус. с предг.
_9374967
139 _aТарковски, Арсений Александрович
_bТ 35
245 1 0 _aВ средата на света
_bСб. стихотворения
_cАрсений Александрович Тарковски; подб. и прев от рус. с предг. Светлозар Жеков.
257 _aSUN
260 София
_bНар. култура
_c1982
300 _a95 с.
_c17 см
380 _aX
500 _aПрев. е направен от Стихотворения Москва, 1974 ; Зимний день. Москва, 1980 / Арсений Тарковский. - 3 125 тир.
852 _aЦб І 20217
856 4 _qpdf
_u
856 4 _qpdf
_u
942 _cKNG
_n0
944 _aCR
_c29.11.2016
_kКети_Илиева
944 _aED
_c29.11.2016
_kКети_Илиева
999 _c112860
_d112860